What is the new life? (Record no. 16473)

000 -LEADER
fixed length control field 00490nam a2200169 a 4500
001 - CONTROL NUMBER
control field :::00019367$&:&@@
003 - CONTROL NUMBER IDENTIFIER
control field OkBaRHE
005 - DATE AND TIME OF LATEST TRANSACTION
control field 20100331140142.0
008 - FIXED-LENGTH DATA ELEMENTS--GENERAL INFORMATION
fixed length control field s1975 j 000 0 eng u
040 ## - CATALOGING SOURCE
Transcribing agency
100 1# - MAIN ENTRY--PERSONAL NAME
Personal name Bostwick, C. F.
245 10 - TITLE STATEMENT
Title What is the new life?
260 ## - PUBLICATION, DISTRIBUTION, ETC. (IMPRINT)
Place of publication, distribution, etc Vineland, N. J.
Name of publisher, distributor, etc New Life Books, Inc.
Date of publication, distribution, etc 1975
300 ## - PHYSICAL DESCRIPTION
Extent 658 p.
942 ## - ADDED ENTRY ELEMENTS (KOHA)
Source of classification or shelving scheme
Koha item type Books
Copies
Source of classification or shelving scheme Koha item type Date last seen Damaged status Copy number Withdrawn status Full call number Price effective from Date acquired Lost status Barcode Not for loan Shelving location Permanent Location
 Books2010-04-14 1 BV 4510 .A1 B62010-04-142010-04-14 19367 General StacksRHEMA Bible Training College